000 00625cam a22001691 4500
082 0 0 _a153.15
_bTHE
_cl29,p84
100 1 _aTeevan, Richard Collier,
_937167
245 1 0 _aTheories of motivation in learning:
_ban enduring problem in psychology.
_cSelected readings, edited by Richard C. Teevan and Robert C. Birney.
260 _aPrinceton, N.J.,
_bVan Nostrand
_c[1964]
300 _avii, 215 p.
_billus.
_c18 cm.
490 1 _aAn Insight book,
526 _a0
_b0
_c0
_d153_150000000000000_THE
650 0 _aMCE
_9379
650 0 _aMotivation in education.
_937168
700 1 _aBirney, Robert Charles,
_937169
942 _2ddc
_cBK
999 _c542074
_d542074